India and South Asia
This edition features an overview of South Asia and country reports for Afghanistan, Bangladesh, Bhutan, Maldives, Nepal, Pakistan, and Sri Lanka. Selected articles from the world press explore regional issues and an annotated list of World Wide Web sites guides students to additional resources. Dus...
Đã lưu trong:
| 主要作者: | |
|---|---|
| 格式: | 圖書 |
| 語言: | Undetermined |
| 出版: |
United States
McGraw-Hill/Dushkin Company
2001
|
| 主題: | |
| 標簽: |
添加標簽
沒有標簽, 成為第一個標記此記錄!
|
| Thư viện lưu trữ: | Trung tâm Học liệu Trường Đại học Cần Thơ |
|---|
| LEADER | 01043nam a2200217Ia 4500 | ||
|---|---|---|---|
| 001 | CTU_116655 | ||
| 008 | 210402s9999 xx 000 0 und d | ||
| 082 | |a 954 | ||
| 082 | |b N885 | ||
| 100 | |a Norton, James H. K. | ||
| 245 | 0 | |a India and South Asia | |
| 245 | 0 | |c James H. K. Norton | |
| 260 | |a United States | ||
| 260 | |b McGraw-Hill/Dushkin Company | ||
| 260 | |c 2001 | ||
| 520 | |a This edition features an overview of South Asia and country reports for Afghanistan, Bangladesh, Bhutan, Maldives, Nepal, Pakistan, and Sri Lanka. Selected articles from the world press explore regional issues and an annotated list of World Wide Web sites guides students to additional resources. Dushkin Online is a student Web site that is designed to support Global Studies titles. | ||
| 650 | |a History,Politics and government,History,History | ||
| 650 | |y 20th-21st centuries,1947-,20th century,20th-21st centuries | ||
| 650 | |z India,India,Asia, southeastern,Asia | ||
| 904 | |i Giang | ||
| 980 | |a Trung tâm Học liệu Trường Đại học Cần Thơ | ||